|
|
|
|
| LEADER |
01549nam a22004094a 4500 |
| 001 |
28514 |
| 003 |
BD-DhAAL |
| 005 |
20230525144301.0 |
| 008 |
141127r20082006enk b 000 1 eng |
| 010 |
|
|
|a 2005034736
|
| 020 |
|
|
|a 9780199535613
|
| 020 |
|
|
|a 0192807269 (alk. paper)
|
| 020 |
|
|
|a 9780192807267
|
| 035 |
|
|
|a (OCoLC)ocm62408683
|
| 040 |
|
|
|a DLC
|c DLC
|d UKM
|d BAKER
|d BWKUK
|d DLC
|d BD-DhAAL
|
| 041 |
1 |
|
|a eng
|
| 042 |
|
|
|a pcc
|
| 050 |
0 |
0 |
|a PQ2075
|b 2006
|
| 082 |
0 |
0 |
|a 843/.5
|2 22
|
| 100 |
1 |
|
|a Voltaire,
|d 1694-1778.
|9 6261
|
| 240 |
1 |
0 |
|a Short stories.
|k Selections.
|l English
|
| 245 |
1 |
0 |
|a Candide and other stories /
|c Voltaire ; translated with an introduction and notes by Roger Pearson.
|
| 250 |
|
|
|a New ed.
|
| 260 |
|
|
|a Oxford ;
|a New York :
|b Oxford University Press,
|c 2006.
|
| 300 |
|
|
|a l, 301 p. ;
|c 20 cm.
|
| 490 |
1 |
|
|a Oxford world's classics
|
| 504 |
|
|
|a Includes bibliographical references (p. [xlv]-xlvii).
|
| 504 |
|
|
|a Includes bibliographical references.
|
| 505 |
0 |
|
|a Candide -- Micromegas -- Zadig -- What pleases the ladies -- The ingenu -- The white bull.
|
| 541 |
|
|
|e 28514
|
| 546 |
|
|
|a Translated from the French.
|
| 600 |
1 |
0 |
|a Voltaire,
|d 1694-1778
|v Translations into English.
|9 6262
|
| 700 |
1 |
|
|a Pearson, Roger.
|9 6263
|
| 830 |
|
0 |
|a Oxford world's classics (Oxford University Press)
|9 6264
|
| 942 |
|
|
|2 ddc
|c BK
|
| 999 |
|
|
|c 33138
|d 33138
|
| 952 |
|
|
|0 0
|1 0
|2 ddc
|4 0
|6 843_500000000000000_VOL
|7 0
|9 44238
|a BRACUL
|b BRACUL
|c GEN
|d 2014-11-27
|l 9
|m 62
|o 843.5 VOL
|p 3010028514
|r 2025-09-15
|s 2025-04-13
|t 1
|w 2014-11-27
|y BK
|